000 00250nam a22001217a 4500
008 170527b xxu||||| |||| 00| 0 eng d
041 _aeng
080 _a626
100 _a26
101 _aIM
245 _aHYDRAULICS
_cNEKRASOV, B
942 _2udc
_cBK
999 _c14654
_d14654